| 000 | 00510nam a2200169 i 4500 | ||
|---|---|---|---|
| 001 | 71514 | ||
| 003 | ES-MaACL | ||
| 005 | 20230906171142.0 | ||
| 007 | t| | ||
| 008 | 040812s1970 sp ||||1| spa d | ||
| 100 | 1 |
_aGenicot, Leopold. _956317 |
|
| 245 | 1 | 0 |
_aEuropa en el siglo XIII / _cLeopold Genicot ; [traducción por Ana Mª Mayench]. |
| 260 |
_aBarcelona : _bLabor, _c1970. |
||
| 300 |
_aXVI, 391 p. : _bmap. ; _c20 cm. |
||
| 700 | 1 |
_aMayench, Ana María. _979340 |
|
| 852 |
_aES-MaACL _jC-39292 _bR.76248 |
||
| 999 |
_c71514 _d71514 |
||